000
00276nam a22001337a 4500
008
210226b ||||| |||| 00| 0 eng d
020
_a
9780697285638
041
_a
eng
080
_2
3th
_a
573
100
_a
11
101
_a
BIO
245
_a
LIfe
_c
Lewis,R
942
_2
udc
_c
BK
999
_c
55302
_d
55302